<?xml version="1.0" encoding="UTF-8"?>
<record
    xmlns:xsi="http://www.w3.org/2001/XMLSchema-instance"
    xsi:schemaLocation="http://www.loc.gov/MARC21/slim http://www.loc.gov/standards/marcxml/schema/MARC21slim.xsd"
    xmlns="http://www.loc.gov/MARC21/slim">

  <leader>01287nam0a22003011  4500</leader>
  <controlfield tag="001">v19\rc\1684521</controlfield>
  <controlfield tag="005">20250619021711.0</controlfield>
  <datafield tag="035" ind1=" " ind2=" ">
    <subfield code="a">(NLR Aleph) 004789687</subfield>
  </datafield>
  <datafield tag="090" ind1=" " ind2=" ">
    <subfield code="a">4715875</subfield>
    <subfield code="c">4715875</subfield>
  </datafield>
  <datafield tag="100" ind1=" " ind2=" ">
    <subfield code="a">20061002d1896    |||y0rusy50      ca</subfield>
  </datafield>
  <datafield tag="101" ind1="0" ind2=" ">
    <subfield code="a">rus</subfield>
  </datafield>
  <datafield tag="102" ind1=" " ind2=" ">
    <subfield code="a">RU</subfield>
  </datafield>
  <datafield tag="105" ind1=" " ind2=" ">
    <subfield code="a">y   g   |||||</subfield>
  </datafield>
  <datafield tag="200" ind1="1" ind2=" ">
    <subfield code="a">&#x41D;&#x435;&#x43E;&#x431;&#x445;&#x43E;&#x434;&#x438;&#x43C;&#x430;&#x44F; &#x43D;&#x430;&#x441;&#x442;&#x43E;&#x43B;&#x44C;&#x43D;&#x430;&#x44F; &#x441;&#x43F;&#x440;&#x430;&#x432;&#x43E;&#x447;&#x43D;&#x430;&#x44F; &#x43A;&#x43D;&#x438;&#x433;&#x430;</subfield>
    <subfield code="e">(&#x42D;&#x43A;&#x441;&#x43F;&#x43E;&#x43D;&#x438;&#x440;&#x443;&#x435;&#x442;&#x441;&#x44F; &#x43D;&#x430; &#x412;&#x441;&#x435;&#x440;&#x43E;&#x441;. &#x43F;&#x440;&#x43E;&#x43C;. &#x445;&#x443;&#x434;&#x43E;&#x436;. &#x432;&#x44B;&#x441;&#x442;&#x430;&#x432;&#x43A;&#x435; 1896 &#x433;. &#x432; &#x41D;&#x438;&#x436;&#x43D;&#x435;&#x43C; &#x41D;&#x43E;&#x432;&#x433;&#x43E;&#x440;&#x43E;&#x434;&#x435;)</subfield>
    <subfield code="e">&#x414;&#x43B;&#x44F; &#x43F;&#x430;&#x440;&#x43E;&#x445;&#x43E;&#x434;. &#x43E;-&#x432;, &#x432;&#x441;&#x44F;&#x43A;&#x43E;&#x433;&#x43E; &#x440;&#x43E;&#x434;&#x430; &#x442;&#x440;&#x430;&#x43D;&#x441;&#x43F;&#x43E;&#x440;&#x442;. &#x43A;&#x43E;&#x43D;&#x442;&#x43E;&#x440;, &#x444;-&#x43A;, &#x437;-&#x434;&#x43E;&#x432;, &#x441;&#x43A;&#x43B;&#x430;&#x434;&#x43E;&#x432;...</subfield>
    <subfield code="e">&#x422;&#x430;&#x440;&#x438;&#x444;. &#x438; &#x43A;&#x43E;&#x43C;&#x43C;&#x435;&#x440;&#x447;. &#x434;&#x435;&#x43B;&#x43E; &#x440;&#x43E;&#x441;. &#x436;. &#x434;.</subfield>
    <subfield code="f">&#x421;&#x43E;&#x441;&#x442;. &#x438; &#x438;&#x437;&#x434;. &#x412;. &#x413;&#x43E;&#x43D;&#x447;&#x430;&#x440;&#x43E;&#x432;</subfield>
  </datafield>
  <datafield tag="205" ind1=" " ind2=" ">
    <subfield code="a">&#x41D;&#x435;&#x43E;&#x444;&#x438;&#x446;. &#x438;&#x437;&#x434;.</subfield>
  </datafield>
  <datafield tag="210" ind1=" " ind2=" ">
    <subfield code="a">&#x41C;&#x43E;&#x441;&#x43A;&#x432;&#x430;</subfield>
    <subfield code="d">1896</subfield>
  </datafield>
  <datafield tag="215" ind1=" " ind2=" ">
    <subfield code="a">XIV, 223 &#x441;.</subfield>
    <subfield code="d">22</subfield>
  </datafield>
  <datafield tag="700" ind1=" " ind2="1">
    <subfield code="a">&#x413;&#x43E;&#x43D;&#x447;&#x430;&#x440;&#x43E;&#x432;</subfield>
    <subfield code="b">&#x412;.</subfield>
    <subfield code="4">220</subfield>
    <subfield code="4">650</subfield>
  </datafield>
  <datafield tag="712" ind1="1" ind2="2">
    <subfield code="a">&#x412;&#x441;&#x435;&#x440;&#x43E;&#x441;&#x441;&#x438;&#x439;&#x441;&#x43A;&#x430;&#x44F; &#x43F;&#x440;&#x43E;&#x43C;&#x44B;&#x448;&#x43B;&#x435;&#x43D;&#x43D;&#x430;&#x44F; &#x438; &#x445;&#x443;&#x434;&#x43E;&#x436;&#x435;&#x441;&#x442;&#x432;&#x435;&#x43D;&#x43D;&#x430;&#x44F; &#x432;&#x44B;&#x441;&#x442;&#x430;&#x432;&#x43A;&#x430;</subfield>
    <subfield code="f">1896</subfield>
    <subfield code="e">&#x41D;. &#x41D;&#x43E;&#x432;&#x433;&#x43E;&#x440;&#x43E;&#x434;</subfield>
  </datafield>
  <datafield tag="801" ind1=" " ind2="0">
    <subfield code="a">RU</subfield>
    <subfield code="b">NLR</subfield>
    <subfield code="g">psbo</subfield>
  </datafield>
  <datafield tag="801" ind1=" " ind2="0">
    <subfield code="a">RU</subfield>
    <subfield code="b">RuMoRGB</subfield>
    <subfield code="2">psbo</subfield>
  </datafield>
  <datafield tag="801" ind1=" " ind2="1">
    <subfield code="a">RU</subfield>
    <subfield code="b">ProSoft-M</subfield>
    <subfield code="2">rusmarc</subfield>
  </datafield>
  <datafield tag="852" ind1=" " ind2=" ">
    <subfield code="a">NLR</subfield>
    <subfield code="j">38.47.4.46</subfield>
  </datafield>
  <datafield tag="899" ind1=" " ind2=" ">
    <subfield code="a">RuMoRGB</subfield>
    <subfield code="j">A 243/542</subfield>
  </datafield>
  <datafield tag="899" ind1=" " ind2=" ">
    <subfield code="a">&#x411;&#x410;&#x41D;</subfield>
  </datafield>
  <datafield tag="899" ind1=" " ind2=" ">
    <subfield code="a">&#x41D;&#x411; &#x41C;&#x413;&#x423;</subfield>
  </datafield>
  <datafield tag="942" ind1=" " ind2=" ">
    <subfield code="c">BOOK</subfield>
  </datafield>
  <datafield tag="980" ind1=" " ind2=" ">
    <subfield code="a">NB</subfield>
  </datafield>
  <datafield tag="995" ind1=" " ind2=" ">
    <subfield code="5">2013-10-26</subfield>
    <subfield code="b">NLR02</subfield>
    <subfield code="c">NLR02</subfield>
    <subfield code="e">RFS</subfield>
    <subfield code="f">4789687-10</subfield>
    <subfield code="k">38.47.4.46</subfield>
    <subfield code="o">0</subfield>
    <subfield code="r">BOOK</subfield>
    <subfield code="s">3847446_</subfield>
  </datafield>
  <datafield tag="995" ind1=" " ind2=" ">
    <subfield code="5">2013-10-26</subfield>
    <subfield code="b">NLR01</subfield>
    <subfield code="c">NLR01</subfield>
    <subfield code="e">TEMP</subfield>
    <subfield code="f">4789687-30</subfield>
    <subfield code="o">0</subfield>
    <subfield code="r">BOOK</subfield>
  </datafield>
  <datafield tag="995" ind1=" " ind2=" ">
    <subfield code="5">2013-10-26</subfield>
    <subfield code="b">NLR01</subfield>
    <subfield code="c">NLR01</subfield>
    <subfield code="e">TEMP</subfield>
    <subfield code="f">4789687-40</subfield>
    <subfield code="o">0</subfield>
    <subfield code="r">BOOK</subfield>
  </datafield>
</record>
